[Event "NB I. Charousek csoport"]
[Site "Paks"]
[Date "2023.10.29"]
[Round "3.7"]
[White "Orso, Miklos"]
[Black "Toth, Gergely"]
[Result "1/2-1/2"]
[WhiteElo "2175"]
[BlackElo "2129"]
[PlyCount "25"]
[EventDate "2023.10.08"]
[EventType "team-tourn"]
[EventRounds "11"]
[EventCountry "HUN"]
[Source "chess.hu"]
[WhiteTeam "Tuxera ANSK II."]
[BlackTeam "ASE II. Paks"]
[WhiteTeamCountry "HUN"]
[BlackTeamCountry "HUN"]

1. d4 Nf6 2. Bg5 d5 3. e3 c5 4. Bxf6 gxf6 5. c3 e6 6. Nd2 cxd4 7. exd4 f5 8.
Ngf3 Bd6 9. Bd3 Nd7 10. Qe2 Qe7 11. O-O-O Nf6 12. Ne5 Bd7 13. Kb1 1/2-1/2

[Event "NB I. Charousek csoport"]
[Site "Paks"]
[Date "2023.10.29"]
[Round "3.8"]
[White "Szegedy, Matyas"]
[Black "Bodo, Bence"]
[Result "1-0"]
[WhiteElo "2029"]
[BlackElo "2259"]
[PlyCount "109"]
[EventDate "2023.10.08"]
[EventType "team-tourn"]
[EventRounds "11"]
[EventCountry "HUN"]
[Source "chess.hu"]
[WhiteTeam "ASE II. Paks"]
[BlackTeam "Tuxera ANSK II."]
[WhiteTeamCountry "HUN"]
[BlackTeamCountry "HUN"]

1. e4 e5 2. Nf3 Nf6 3. Nc3 Bb4 4. Nxe5 O-O 5. Be2 Re8 6. Nd3 Bxc3 7. dxc3 Nxe4
8. O-O d5 9. Nf4 c6 10. Be3 Nd7 11. c4 dxc4 12. Bxc4 Ne5 13. Qxd8 Rxd8 14. Bb3
Bf5 15. Rad1 b6 16. Bd4 Nd7 17. g4 Bxg4 18. f3 g5 19. Ng2 Bh5 20. fxe4 Bxd1 21.
Bxf7+ Kf8 22. Bh5+ Ke7 23. Bxd1 Rf8 24. Ne3 Rxf1+ 25. Kxf1 Nf6 26. Bf3 Rd8 27.
Ke2 Ke6 28. Bc3 h5 29. h3 Rh8 30. Bd4 Rh7 31. c4 Nd7 32. Nf5 c5 33. Bc3 Nf6 34.
Bxf6 Kxf6 35. Ke3 Ke5 36. Ng3 g4 37. hxg4 hxg4 38. Bxg4 Rh2 39. Ne2 Rh4 40. Bf3
Rh2 41. a3 Rh7 42. Nf4 Rh2 43. Nd3+ Kd6 44. e5+ Ke7 45. Ke4 Rd2 46. Bg4 b5 47.
b3 bxc4 48. bxc4 Ra2 49. Nf4 Rh2 50. Nd5+ Ke8 51. e6 a5 52. Ke5 a4 53. Kd6 Rh6
54. Bh5+ Kd8 55. Bf7 1-0

[Event "NB I. Charousek csoport"]
[Site "Paks"]
[Date "2023.10.29"]
[Round "3.9"]
[White "Hardicsay, Peter"]
[Black "Berta, Tibor"]
[Result "1-0"]
[WhiteElo "2176"]
[BlackElo "2031"]
[PlyCount "111"]
[EventDate "2023.10.08"]
[EventType "team-tourn"]
[EventRounds "11"]
[EventCountry "HUN"]
[Source "chess.hu"]
[WhiteTeam "Tuxera ANSK II."]
[BlackTeam "ASE II. Paks"]
[WhiteTeamCountry "HUN"]
[BlackTeamCountry "HUN"]

1. c4 Nf6 2. Nc3 e6 3. Nf3 Be7 4. e4 c5 5. e5 Ng8 6. d4 cxd4 7. Nxd4 Nc6 8.
Nxc6 dxc6 9. Bd3 Qc7 10. Qe2 Bc5 11. f4 Ne7 12. Ne4 Bb4+ 13. Bd2 Bxd2+ 14. Qxd2
O-O 15. O-O b6 16. Rad1 Bb7 17. Nd6 c5 18. Qc2 Nf5 19. Bxf5 exf5 20. Qxf5 Rad8
21. b3 Bc6 22. Qg4 f6 23. h3 Qe7 24. Nf5 Qb7 25. e6 Rxd1 26. Rxd1 g6 27. Ne3 f5
28. Qg5 Re8 29. Nxf5 Rxe6 30. Rd8+ Re8 31. Ne7+ Kf7 32. Rxe8 Kxe8 33. Nxc6 Qxc6
34. Qe5+ Kf7 35. f5 Qd7 36. fxg6+ hxg6 37. Kh2 Qd2 38. a4 Qd3 39. Qg3 Qd1 40.
Qf3+ Qxf3 41. gxf3 Kf6 42. f4 Kf5 43. Kg3 Ke4 44. h4 Kd3 45. h5 gxh5 46. f5 Kc3
47. f6 Kxb3 48. f7 Kxc4 49. f8=Q Kb4 50. Qf4+ c4 51. Kf3 a6 52. Ke3 b5 53. axb5
axb5 54. Kd2 Kb3 55. Qe3+ Ka4 56. Kc3 1-0

[Event "NB I. Charousek csoport"]
[Site "Paks"]
[Date "2023.10.29"]
[Round "3.10"]
[White "Buri, Petra Zsuzsanna"]
[Black "Varga, Richard"]
[Result "1/2-1/2"]
[WhiteElo "1801"]
[BlackElo "2088"]
[PlyCount "123"]
[EventDate "2023.10.08"]
[EventType "team-tourn"]
[EventRounds "11"]
[EventCountry "HUN"]
[Source "chess.hu"]
[WhiteTeam "ASE II. Paks"]
[BlackTeam "Tuxera ANSK II."]
[WhiteTeamCountry "HUN"]
[BlackTeamCountry "HUN"]

1. e4 e5 2. Nf3 Nc6 3. Bc4 Nf6 4. c3 b6 5. O-O d6 6. d3 g5 7. Re1 g4 8. Nfd2 h5
9. Nf1 h4 10. Bg5 Rh5 11. Qc1 Bg7 12. d4 Qe7 13. d5 Nb8 14. Be2 Qf8 15. Bxf6
Bxf6 16. Qd1 Rg5 17. Na3 Qg7 18. Nb5 Bd8 19. Ne3 g3 20. Bg4 Qf6 21. fxg3 hxg3
22. Nf1 gxh2+ 23. Nxh2 Bd7 24. Qe2 Rg6 25. Rf1 Qg5 26. Bh5 Rg7 27. Rxf7 Rxf7
28. Rf1 Bf6 29. Bxf7+ Kd8 30. Na3 Na6 31. Qf2 Ke7 32. Bh5 Nc5 33. Bg4 Nxe4 34.
Qf3 Nd2 35. Qxf6+ Qxf6 36. Rxf6 Kxf6 37. Bxd7 Rf8 38. Nf3 Nxf3+ 39. gxf3 Kg5
40. Kg2 Kf4 41. Be6 a6 42. Nc4 Rh8 43. a4 e4 44. fxe4 Kxe4 45. Na3 Ke3 46. Kg3
Rf8 47. Nc2+ Kd2 48. Nd4 Kc1 49. b4 Kd2 50. b5 Kxc3 51. Ne2+ Kb4 52. bxa6 Kxa4
53. Bd7+ Kb4 54. Bc6 Rf1 55. Nf4 Kc5 56. Ne6+ Kb4 57. Kg4 b5 58. Kg5 Rf2 59.
Kg4 Rf6 60. Kg5 Rf3 61. Kg4 Rf2 62. Kg5 1/2-1/2

[Event "NB I. Charousek csoport"]
[Site "Paks"]
[Date "2023.10.29"]
[Round "3.11"]
[White "Sipos, Janos"]
[Black "Nagy, Lajos"]
[Result "1-0"]
[WhiteElo "2161"]
[BlackElo "1763"]
[PlyCount "71"]
[EventDate "2023.10.08"]
[EventType "team-tourn"]
[EventRounds "11"]
[EventCountry "HUN"]
[Source "chess.hu"]
[WhiteTeam "Tuxera ANSK II."]
[BlackTeam "ASE II. Paks"]
[WhiteTeamCountry "HUN"]
[BlackTeamCountry "HUN"]

1. c4 Nf6 2. g3 c5 3. Bg2 e6 4. Nf3 Nc6 5. O-O d5 6. b3 Be7 7. Bb2 d4 8. e3 e5
9. exd4 exd4 10. Re1 O-O 11. d3 Bg4 12. h3 Bf5 13. Na3 a6 14. Nc2 a5 15. Ne5
Nxe5 16. Rxe5 Be6 17. Qf3 Bd6 18. Re2 Rb8 19. Na3 Qd7 20. Nb5 Be7 21. Bc1 Ne8
22. Bf4 Nd6 23. a4 b6 24. Qc6 Qxc6 25. Bxc6 Nxb5 26. axb5 Rbd8 27. Bc7 Rc8 28.
g4 h5 29. f3 hxg4 30. hxg4 g6 31. Rxa5 Kg7 32. Ra7 Kf6 33. b4 cxb4 34. Be5+ Kg5
35. Bxd4 Kh4 36. Kg2 1-0

[Event "NB I. Charousek csoport"]
[Site "Paks"]
[Date "2023.10.29"]
[Round "3.12"]
[White "Buri, Kata"]
[Black "Beznicza, Mira"]
[Result "1/2-1/2"]
[WhiteElo "1770"]
[BlackElo "1619"]
[PlyCount "48"]
[EventDate "2023.10.08"]
[EventType "team-tourn"]
[EventRounds "11"]
[EventCountry "HUN"]
[Source "chess.hu"]
[WhiteTeam "ASE II. Paks"]
[BlackTeam "Tuxera ANSK II."]
[WhiteTeamCountry "HUN"]
[BlackTeamCountry "HUN"]

1. d4 Nf6 2. Bf4 d5 3. e3 c5 4. c3 Qb6 5. Qb3 c4 6. Qc2 Nc6 7. Nd2 g6 8. Ngf3
Bf5 9. Qc1 Bg7 10. Be2 O-O 11. O-O Nh5 12. Bg3 Rac8 13. Nh4 Nxg3 14. hxg3 Bd7
15. e4 e6 16. Kh1 g5 17. Nhf3 h6 18. Rb1 f5 19. e5 Qd8 20. b3 b5 21. bxc4 bxc4
22. Kh2 Kf7 23. Rh1 Rh8 24. Nf1 Rc7 1/2-1/2

[Event "NB I. Charousek csoport"]
[Site "Szentgotthard"]
[Date "2023.11.26"]
[Round "4.1"]
[White "Horvath, Csaba"]
[Black "Kilgus, Georg"]
[Result "1-0"]
[WhiteElo "2493"]
[BlackElo "2400"]
[PlyCount "107"]
[EventDate "2023.10.08"]
[EventType "team-tourn"]
[EventRounds "11"]
[EventCountry "HUN"]
[Source "chess.hu"]
[WhiteTeam "Tuxera ANSK II."]
[BlackTeam "SZ-A STE"]
[WhiteTeamCountry "HUN"]
[BlackTeamCountry "HUN"]

1. d4 Nf6 2. c4 c6 3. Nf3 d5 4. e3 e6 5. b3 Nbd7 6. Bb2 b6 7. Bd3 Bb7 8. O-O
Be7 9. Nc3 O-O 10. Qe2 Re8 11. Rfd1 Bf8 12. Rac1 h6 13. Ne5 dxc4 14. bxc4 Qc7
15. Bb1 Rad8 16. Qc2 a6 17. c5 bxc5 18. Nxd7 Rxd7 19. dxc5 Red8 20. Rxd7 Rxd7
21. Na4 Be7 22. Nb6 Rd8 23. f4 Bc8 24. Be5 Qb7 25. Bd4 Kf8 26. Qb2 Ne8 27. Bd3
Bf6 28. Rc4 Qe7 29. Be4 Bb7 30. Bf3 Bxd4 31. Rxd4 Qf6 32. Nc4 Rxd4 33. Qxd4
Qxd4 34. exd4 Nc7 35. Na5 Ba8 36. Bxc6 Bxc6 37. Nxc6 f6 38. Kf2 Ke8 39. g3 Kd7
40. Na5 Nd5 41. a3 Nc3 42. Ke3 Nb5 43. Nc4 Kc6 44. Kd3 Nc7 45. a4 Nd5 46. Ne3
Ne7 47. Kc4 h5 48. Nc2 h4 49. gxh4 Ng6 50. f5 exf5 51. h5 Nh4 52. d5+ Kd7 53.
d6 f4 54. Kd5 1-0

[Event "NB I. Charousek csoport"]
[Site "Szentgotthard"]
[Date "2023.11.26"]
[Round "4.2"]
[White "Seres, Lajos"]
[Black "Galyas, Miklos"]
[Result "1/2-1/2"]
[WhiteElo "2350"]
[BlackElo "2452"]
[PlyCount "27"]
[EventDate "2023.10.08"]
[EventType "team-tourn"]
[EventRounds "11"]
[EventCountry "HUN"]
[Source "chess.hu"]
[WhiteTeam "SZ-A STE"]
[BlackTeam "Tuxera ANSK II."]
[WhiteTeamCountry "HUN"]
[BlackTeamCountry "HUN"]

1. d4 d5 2. c4 e6 3. Nf3 a6 4. cxd5 exd5 5. Nc3 Nf6 6. Bg5 Be6 7. e3 Nbd7 8.
Bd3 h6 9. Bh4 g5 10. Bg3 Nh5 11. Be5 Ng7 12. Bg3 Nh5 13. Be5 Ng7 14. Bg3
1/2-1/2

[Event "NB I. Charousek csoport"]
[Site "Szentgotthard"]
[Date "2023.11.26"]
[Round "4.4"]
[White "Gjuran, Denis"]
[Black "Krutti, Valer"]
[Result "1/2-1/2"]
[WhiteElo "2311"]
[BlackElo "2249"]
[PlyCount "25"]
[EventDate "2023.10.08"]
[EventType "team-tourn"]
[EventRounds "11"]
[EventCountry "HUN"]
[Source "chess.hu"]
[WhiteTeam "SZ-A STE"]
[BlackTeam "Tuxera ANSK II."]
[WhiteTeamCountry "HUN"]
[BlackTeamCountry "HUN"]

1. e4 c6 2. d4 d5 3. exd5 cxd5 4. Bf4 Nc6 5. c3 Bf5 6. Nd2 e6 7. Ngf3 Bd6 8.
Bxd6 Qxd6 9. Be2 Nf6 10. O-O Bg4 11. Re1 O-O 12. a4 Qc7 13. Bd3 1/2-1/2

[Event "NB I. Charousek csoport"]
[Site "Szentgotthard"]
[Date "2023.11.26"]
[Round "4.5"]
[White "Demeter, Dorina"]
[Black "Ronai, Akos Balazs"]
[Result "1-0"]
[WhiteElo "2196"]
[BlackElo "2189"]
[PlyCount "123"]
[EventDate "2023.10.08"]
[EventType "team-tourn"]
[EventRounds "11"]
[EventCountry "HUN"]
[Source "chess.hu"]
[WhiteTeam "Tuxera ANSK II."]
[BlackTeam "SZ-A STE"]
[WhiteTeamCountry "HUN"]
[BlackTeamCountry "HUN"]

1. Nf3 Nf6 2. c4 e6 3. Nc3 d5 4. e3 Nbd7 5. b3 c6 6. Bb2 Bd6 7. Be2 O-O 8. O-O
a6 9. d4 b5 10. Qc2 b4 11. Na4 Ne4 12. Ne5 f5 13. f3 Bxe5 14. dxe5 Nc3 15. Bxc3
bxc3 16. Qxc3 Bb7 17. c5 f4 18. Qb4 Rb8 19. exf4 Bc8 20. Qd2 Qh4 21. g3 Qh6 22.
Qc3 Rf5 23. Bd3 Rf7 24. Rae1 Nf8 25. Nb6 Nd7 26. Nxc8 Rxc8 27. a4 Rcf8 28. f5
Qh3 29. fxe6 Qxe6 30. f4 g6 31. b4 h5 32. Qc2 Kg7 33. Qd2 Kg8 34. Kg2 h4 35.
Qe2 a5 36. bxa5 Nxc5 37. Qc2 hxg3 38. hxg3 Nxd3 39. Qxd3 g5 40. fxg5 Rxf1 41.
Rxf1 Rxf1 42. Kxf1 c5 43. Qb1 Qh3+ 44. Kf2 Qh2+ 45. Kf3 Qd2 46. Qg6+ Kf8 47.
Qf6+ Ke8 48. Qc6+ Kd8 49. Qxc5 d4 50. Ke4 d3 51. Qd6+ Ke8 52. Qxd3 Qg2+ 53. Kd4
Qb2+ 54. Qc3 Qf2+ 55. Kd5 Qf7+ 56. Ke4 Qb7+ 57. Kf4 Qf7+ 58. Ke3 Qd7 59. Qc4
Qh3 60. Qc6+ Ke7 61. Qd6+ Ke8 62. e6 1-0

[Event "NB I. Charousek csoport"]
[Site "Szentgotthard"]
[Date "2023.11.26"]
[Round "4.6"]
[White "Kovac, Boris"]
[Black "Hardicsay, Peter"]
[Result "1/2-1/2"]
[WhiteElo "2177"]
[BlackElo "2177"]
[PlyCount "24"]
[EventDate "2023.10.08"]
[EventType "team-tourn"]
[EventRounds "11"]
[EventCountry "HUN"]
[Source "chess.hu"]
[WhiteTeam "SZ-A STE"]
[BlackTeam "Tuxera ANSK II."]
[WhiteTeamCountry "HUN"]
[BlackTeamCountry "HUN"]

1. e4 c5 2. Nf3 Nc6 3. d4 cxd4 4. Nxd4 e5 5. Nb5 d6 6. c4 Be7 7. N1c3 a6 8. Na3
Nf6 9. Bd3 Be6 10. O-O O-O 11. Nc2 Rc8 12. Qe2 Nd7 1/2-1/2

[Event "NB I. Charousek csoport"]
[Site "Szentgotthard"]
[Date "2023.11.26"]
[Round "4.7"]
[White "Sipos, Janos"]
[Black "Makk, Robert"]
[Result "1/2-1/2"]
[WhiteElo "2175"]
[BlackElo "2159"]
[PlyCount "45"]
[EventDate "2023.10.08"]
[EventType "team-tourn"]
[EventRounds "11"]
[EventCountry "HUN"]
[Source "chess.hu"]
[WhiteTeam "Tuxera ANSK II."]
[BlackTeam "SZ-A STE"]
[WhiteTeamCountry "HUN"]
[BlackTeamCountry "HUN"]

1. c4 c5 2. g3 g6 3. Bg2 Bg7 4. Nc3 Nf6 5. Nf3 O-O 6. O-O Nc6 7. d4 cxd4 8.
Nxd4 Nxd4 9. Qxd4 d6 10. Qd3 Rb8 11. b3 Bf5 12. Qe3 a6 13. Bb2 b5 14. cxb5 axb5
15. Rfd1 Qd7 16. Rac1 Rfc8 17. Qd2 Qa7 18. Ba1 Ng4 19. e3 b4 20. Ne4 Bxa1 21.
Rxa1 Bxe4 22. Bxe4 Nf6 23. Bf3 1/2-1/2

[Event "NB I. Charousek csoport"]
[Site "Szentgotthard"]
[Date "2023.11.26"]
[Round "4.8"]
[White "Nagy-Elek, Tamas"]
[Black "Haselbach, David"]
[Result "1/2-1/2"]
[WhiteElo "2065"]
[BlackElo "2059"]
[PlyCount "41"]
[EventDate "2023.10.08"]
[EventType "team-tourn"]
[EventRounds "11"]
[EventCountry "HUN"]
[Source "chess.hu"]
[WhiteTeam "SZ-A STE"]
[BlackTeam "Tuxera ANSK II."]
[WhiteTeamCountry "HUN"]
[BlackTeamCountry "HUN"]

1. e4 c5 2. c3 d5 3. exd5 Qxd5 4. d4 Nf6 5. Nf3 e6 6. Be3 cxd4 7. cxd4 Be7 8.
Nc3 Qd8 9. Bd3 O-O 10. O-O Nc6 11. a3 b6 12. Re1 Bb7 13. Qe2 Rc8 14. Rad1 Bd6
15. Bb1 h6 16. Qd2 Ne7 17. Ne5 Bxe5 18. dxe5 Qxd2 19. Rxd2 Nfd5 20. Nxd5 Nxd5
21. Be4 1/2-1/2

[Event "NB I. Charousek csoport"]
[Site "Szentgotthard"]
[Date "2023.11.26"]
[Round "4.9"]
[White "Kercsmarics, Jozsef"]
[Black "Kurcsics, Mate"]
[Result "0-1"]
[WhiteElo "1961"]
[BlackElo "2099"]
[PlyCount "41"]
[EventDate "2023.10.08"]
[EventType "team-tourn"]
[EventRounds "11"]
[EventCountry "HUN"]
[Source "chess.hu"]
[WhiteTeam "Tuxera ANSK II."]
[BlackTeam "SZ-A STE"]
[WhiteTeamCountry "HUN"]
[BlackTeamCountry "HUN"]

1. e4 c5 2. c3 d5 3. exd5 Qxd5 4. d4 Nf6 5. Nf3 e6 6. Be3 cxd4 7. cxd4 Be7 8.
Nc3 Qd8 9. Bd3 O-O 10. O-O b6 11. Qe2 Bb7 12. Rad1 Nc6 13. a3 h6 14. Rfe1 Rc8
15. Bb1 Bd6 16. Qd2 Ne7 17. Ne5 Bxe5 18. dxe5 Qxd2 19. Bxd2 Nfd5 20. Nxd5 Nxd5
21. Be4 0-1

[Event "NB I. Charousek csoport"]
[Site "Szentgotthard"]
[Date "2023.11.26"]
[Round "4.10"]
[White "Hitter, Gabriella"]
[Black "Toth, Gabor"]
[Result "1-0"]
[WhiteElo "2047"]
[BlackElo "1814"]
[PlyCount "77"]
[EventDate "2023.10.08"]
[EventType "team-tourn"]
[EventRounds "11"]
[EventCountry "HUN"]
[Source "chess.hu"]
[WhiteTeam "SZ-A STE"]
[BlackTeam "Tuxera ANSK II."]
[WhiteTeamCountry "HUN"]
[BlackTeamCountry "HUN"]

1. e4 c5 2. Nf3 Nc6 3. d4 cxd4 4. Nxd4 Nf6 5. Nc3 e5 6. Ndb5 d6 7. Bg5 a6 8.
Na3 b5 9. Nd5 Be7 10. Bxf6 Bxf6 11. c3 Bg5 12. Nc2 O-O 13. Bd3 Be6 14. Nce3 Ne7
15. Qh5 Ng6 16. g3 Bh6 17. O-O Qg5 18. Qxg5 Bxg5 19. f4 Bxd5 20. Nxd5 exf4 21.
gxf4 Bh4 22. Rad1 Ne7 23. Ne3 Rad8 24. Bc2 g6 25. Kg2 Nc8 26. Kh3 Bf6 27. Nd5
Bg7 28. Nc7 Nb6 29. Bb3 b4 30. cxb4 Bxb2 31. Nxa6 Rfe8 32. Rfe1 Rd7 33. Re2 Bg7
34. a4 Ra8 35. b5 Rc8 36. Re3 Re8 37. a5 Nc8 38. b6 Kf8 39. Ba4 1-0

[Event "NB I. Charousek csoport"]
[Site "Szentgotthard"]
[Date "2023.11.26"]
[Round "4.11"]
[White "Beznicza, Mira"]
[Black "Parragi, Istvan"]
[Result "1-0"]
[WhiteElo "1645"]
[BlackElo "1890"]
[PlyCount "77"]
[EventDate "2023.10.08"]
[EventType "team-tourn"]
[EventRounds "11"]
[EventCountry "HUN"]
[Source "chess.hu"]
[WhiteTeam "Tuxera ANSK II."]
[BlackTeam "SZ-A STE"]
[WhiteTeamCountry "HUN"]
[BlackTeamCountry "HUN"]

1. e4 c5 2. Nc3 Nc6 3. g3 g6 4. Bg2 Bg7 5. d3 e6 6. Be3 Nd4 7. Qd2 Ne7 8. Nf3
d5 9. Nd1 h6 10. Ng1 b6 11. f4 dxe4 12. dxe4 Bb7 13. Nc3 b5 14. O-O-O Qa5 15.
Kb1 b4 16. Nce2 Rd8 17. Nxd4 cxd4 18. Bf2 Qc5 19. Ne2 e5 20. fxe5 Nc6 21. Nf4
Qxe5 22. Nd3 Qe7 23. e5 O-O 24. Rhe1 a5 25. e6 g5 26. h4 fxe6 27. hxg5 hxg5 28.
Rh1 Bf6 29. Qe2 Kg7 30. Qg4 Rh8 31. Rxh8 Rxh8 32. Bxc6 Bxc6 33. Bxd4 Rh6 34.
Qxg5+ Rg6 35. Bxf6+ Qxf6 36. Qxa5 Qf3 37. Re1 Bd5 38. Nf4 Qxg3 39. Nh5+ 1-0

[Event "NB I. Charousek csoport"]
[Site "Szentgotthard"]
[Date "2023.11.26"]
[Round "4.12"]
[White "Szabo, Zsombor"]
[Black "Beznicza, Laszlo Bodo"]
[Result "1/2-1/2"]
[WhiteElo "1643"]
[BlackElo "1607"]
[PlyCount "106"]
[EventDate "2023.10.08"]
[EventType "team-tourn"]
[EventRounds "11"]
[EventCountry "HUN"]
[Source "chess.hu"]
[WhiteTeam "SZ-A STE"]
[BlackTeam "Tuxera ANSK II."]
[WhiteTeamCountry "HUN"]
[BlackTeamCountry "HUN"]

1. Nf3 Nf6 2. g3 g6 3. Bg2 Bg7 4. O-O d6 5. c4 c5 6. Nc3 Nc6 7. a3 Be6 8. d3
O-O 9. Rb1 Rb8 10. b4 Qd7 11. bxc5 dxc5 12. Bf4 Rbc8 13. Qc1 b6 14. Bh6 Bh3 15.
Bxg7 Kxg7 16. Qb2 Bxg2 17. Kxg2 Kg8 18. Qc1 Kg7 19. Nb5 Rfd8 20. Qb2 Qb7 21.
Rfd1 Kg8 22. Kg1 Qd7 23. Kg2 Qb7 24. h3 a6 25. Nc3 Rb8 26. Na4 Nd4 27. Nxc5 Qc6
28. Nb3 Nxf3 29. exf3 Nd7 30. Rbc1 Nc5 31. Nxc5 bxc5 32. Qc3 Rd4 33. Rc2 Qa4
34. Rcd2 Rb3 35. Qc2 Rxa3 36. Qb2 Qb3 37. Qc1 Ra2 38. Rxa2 Qxa2 39. Qg5 Qe2 40.
Qxc5 Rxd3 41. Rxd3 Qxd3 42. Qc8+ Kg7 43. Qxa6 e5 44. Qc6 Qd4 45. c5 Kf8 46. Qc7
e4 47. fxe4 Qxe4+ 48. Kh2 Qd4 49. Qc8+ Kg7 50. Kg1 Qd1+ 51. Kg2 Qd5+ 52. Kh2
Qf3 53. Kg1 Qd1+ 1/2-1/2

[Event "NB I. Charousek csoport"]
[Site "Balatonfured"]
[Date "2023.11.26"]
[Round "4.1"]
[White "Lizak, Peter"]
[Black "Fancsy, Imre"]
[Result "1/2-1/2"]
[WhiteElo "2410"]
[BlackElo "2351"]
[PlyCount "317"]
[EventDate "2023.10.08"]
[EventType "team-tourn"]
[EventRounds "11"]
[EventCountry "HUN"]
[Source "chess.hu"]
[WhiteTeam "ASE II. Paks"]
[BlackTeam "Balatonfuredi SC"]
[WhiteTeamCountry "HUN"]
[BlackTeamCountry "HUN"]

1. c4 e6 2. g3 d5 3. Bg2 Nf6 4. Nf3 Be7 5. O-O O-O 6. b3 c5 7. cxd5 Nxd5 8. Bb2
Nc6 9. d4 Nxd4 10. Nxd4 Bf6 11. Na3 cxd4 12. Bxd4 Nc3 13. Bxc3 Bxc3 14. Qxd8
Rxd8 15. Rad1 Bf6 16. Nb5 Kf8 17. Rxd8+ Bxd8 18. Nd6 Be7 19. Nxb7 Bxb7 20. Bxb7
Rb8 21. Ba6 Rb6 22. Rc1 Bd6 23. Bd3 Ke7 24. h4 h6 25. Kg2 Rb8 26. Kf3 Kd7 27.
Ba6 Rb6 28. Bc4 Ke7 29. Bd3 Rb4 30. e3 Rb8 31. Ke2 Kd7 32. f4 Rc8 33. Bb5+ Kd8
34. Bc4 Ke7 35. e4 f6 36. Kf3 a5 37. Rc2 Rc5 38. g4 Rc8 39. Re2 Rc5 40. Rd2 Rc8
41. f5 exf5 42. gxf5 h5 43. Rg2 Kf8 44. Ke3 Bc5+ 45. Kd3 Bb4 46. Kc2 Rd8 47.
Be6 Rd4 48. Bd5 Bd6 49. Rf2 Bc5 50. Re2 Bb4 51. Bc4 Bd6 52. Bd3 Bb4 53. Re3 Bd6
54. Rf3 Bb4 55. Rf1 Bd6 56. Kd2 Bb4+ 57. Ke3 Bc5 58. Ke2 Ba3 59. Rf3 Bb4 60.
Rh3 Ke7 61. Rg3 Kf8 62. Rg1 Ba3 63. Rd1 Ke7 64. Kd2 Bb4+ 65. Kc2 Bd6 66. Ra1
Be5 67. Rg1 Kf8 68. a3 Bd6 69. Ra1 Be5 70. Rd1 Bd6 71. Kb2 Be5 72. Ka2 Bg3 73.
b4 axb4 74. a4 Bxh4 75. a5 Bf2 76. a6 h4 77. e5 Rd5 78. e6 h3 79. Be2 Rxf5 80.
Bc4 h2 81. Rd8+ Ke7 82. Rh8 Bg1 83. Kb3 Re5 84. Kxb4 g5 85. Rxh2 Bc5+ 86. Kb3
g4 87. Rh7+ Kd6 88. a7 Re3+ 89. Kc2 Bxa7 90. Rxa7 g3 91. Rd7+ Kc5 92. Bd5 g2
93. Bxg2 Rxe6 94. Rd5+ Kc4 95. Rd2 Re5 96. Bf1+ Kc5 97. Rf2 Re6 98. Kd3 Kd5 99.
Bh3 Rd6 100. Ke3 Kc6 101. Ke4 Kc5 102. Rc2+ Kb6 103. Kf5 Rc6 104. Rd2 Kc7 105.
Re2 Rd6 106. Kg6 Kc6 107. Be6 Kc5 108. Kxf6 Kd4 109. Kf5 Ra6 110. Re4+ Kc3 111.
Ke5 Ra8 112. Rc4+ Kd3 113. Rb4 Re8 114. Rb3+ Kc2 115. Ra3 Kb2 116. Rg3 Kc2 117.
Kd5 Kd2 118. Bf5 Re3 119. Rg8 Ra3 120. Rg2+ Kc3 121. Rc2+ Kb3 122. Rc5 Ra8 123.
Bc8 Kb4 124. Rc1 Kb3 125. Kd4 Kb2 126. Rc5 Ra4+ 127. Kd3 Ra3+ 128. Kd2 Rg3 129.
Ba6 Rg2+ 130. Be2 Rg3 131. Rh5 Rb3 132. Bd3 Rb8 133. Rh1 Ka2 134. Kc3 Rb3+ 135.
Kd4 Rb8 136. Bc4+ Ka3 137. Rh2 Rb2 138. Rh3+ Kb4 139. Rh5 Rg2 140. Rb5+ Ka4
141. Rb6 Rg4+ 142. Kc3 Rg3+ 143. Bd3 Rg5 144. Rh6 Re5 145. Bc4 Re3+ 146. Kd4
Rg3 147. Kc5 Rg5+ 148. Bd5 Ka5 149. Rh8 Rg6 150. Ra8+ Ra6 151. Rb8 Rh6 152.
Rb5+ Ka6 153. Rb4 Ka7 154. Rb7+ Ka6 155. Rb8 Ka5 156. Bf7 Rf6 157. Bc4 Rf5+
158. Bd5 Rf6 159. Rb2 1/2-1/2

[Event "NB I. Charousek csoport"]
[Site "Balatonfured"]
[Date "2023.11.26"]
[Round "4.2"]
[White "Pataki, Gyozo"]
[Black "Videki, Sandor"]
[Result "1/2-1/2"]
[WhiteElo "2307"]
[BlackElo "2344"]
[PlyCount "30"]
[EventDate "2023.10.08"]
[EventType "team-tourn"]
[EventRounds "11"]
[EventCountry "HUN"]
[Source "chess.hu"]
[WhiteTeam "Balatonfuredi SC"]
[BlackTeam "ASE II. Paks"]
[WhiteTeamCountry "HUN"]
[BlackTeamCountry "HUN"]

1. d4 Nf6 2. Nf3 g6 3. Bg5 Bg7 4. Nbd2 d5 5. e3 O-O 6. Bd3 c5 7. c3 b6 8. Qe2
Bb7 9. dxc5 bxc5 10. e4 dxe4 11. Nxe4 Nbd7 12. O-O Qc7 13. Rad1 Rab8 14. Rfe1
Rfe8 15. Nxf6+ Bxf6 1/2-1/2

[Event "NB I. Charousek csoport"]
[Site "Balatonfured"]
[Date "2023.11.26"]
[Round "4.3"]
[White "Molnar, Bela"]
[Black "Zentai, Peter"]
[Result "0-1"]
[WhiteElo "2297"]
[BlackElo "2236"]
[PlyCount "50"]
[EventDate "2023.10.08"]
[EventType "team-tourn"]
[EventRounds "11"]
[EventCountry "HUN"]
[Source "chess.hu"]
[WhiteTeam "ASE II. Paks"]
[BlackTeam "Balatonfuredi SC"]
[WhiteTeamCountry "HUN"]
[BlackTeamCountry "HUN"]

1. e4 e6 2. d4 d5 3. Nc3 Be7 4. e5 c5 5. Qg4 g5 6. h4 h5 7. Qg3 g4 8. Nge2 Nc6
9. dxc5 Bxc5 10. Bf4 Nge7 11. O-O-O Nf5 12. Qh2 Bxf2 13. Ne4 Bxh4 14. N2c3 Bd7
15. g3 Be7 16. Nf2 Qa5 17. Nxg4 Rc8 18. Bd3 Ncd4 19. Bxf5 Nxf5 20. Qd2 Bc6 21.
Bg5 d4 22. Nf6+ Bxf6 23. Bxf6 dxc3 24. bxc3 Bd5 25. Qd3 Rxc3 0-1

[Event "NB I. Charousek csoport"]
[Site "Balatonfured"]
[Date "2023.11.26"]
[Round "4.4"]
[White "Lyell, Mark"]
[Black "Forgacs, Attila Jr"]
[Result "0-1"]
[WhiteElo "2193"]
[BlackElo "2269"]
[PlyCount "78"]
[EventDate "2023.10.08"]
[EventType "team-tourn"]
[EventRounds "11"]
[EventCountry "HUN"]
[Source "chess.hu"]
[WhiteTeam "Balatonfuredi SC"]
[BlackTeam "ASE II. Paks"]
[WhiteTeamCountry "HUN"]
[BlackTeamCountry "HUN"]

1. e4 e5 2. f4 exf4 3. Nc3 Qh4+ 4. Ke2 d6 5. Nf3 Bg4 6. Nd5 Kd8 7. d4 Nf6 8.
Qe1 Qxe1+ 9. Kxe1 Nxe4 10. Bd3 Bxf3 11. gxf3 Ng5 12. Kf2 Ne6 13. c3 g5 14. h4
c6 15. Nf6 gxh4 16. Nh5 Be7 17. Nxf4 Nxf4 18. Bxf4 Nd7 19. Rag1 Nf8 20. Rg7 Ke8
21. Bh6 Ne6 22. Rg4 Kd7 23. Bf5 Rhg8 24. Rhg1 Rxg4 25. Rxg4 Bf6 26. Be3 h5 27.
Rg1 Ke7 28. Re1 d5 29. Bf4 Rg8 30. a4 h3 31. Kf1 Bh4 32. Re2 Rg2 33. Bb8 Bg3
34. Bxg3 Rxg3 35. Rf2 Kf6 36. Bxe6 fxe6 37. b4 Kf5 38. b5 cxb5 39. axb5 Rg2 0-1